Statistics for Same Looking Country Flag - Horizontal Axis Flip

Click here to take the quiz!

General Stats

  • This quiz has been taken 605 times
  • The average score is 35 of 39

Answer Stats

Answer% Correct
France
99%
Sweden
99%
Ireland
97%
Belgium
96%
Japan
96%
Denmark
95%
Georgia
95%
Israel
95%
Norway
95%
Switzerland
95%
Jamaica
94%
Tunisia
93%
Bangladesh
92%
Italy
92%
North Macedonia
92%
Romania
92%
Turkey
92%
Finland
91%
Iceland
91%
Ivory Coast
91%
Thailand
91%
Algeria
90%
Latvia
90%
Austria
89%
Nigeria
89%
Qatar
89%
Bahrain
88%
Palau
87%
Peru
85%
Chad
84%
Laos
82%
Maldives
81%
Micronesia
79%
Bahamas
78%
Costa Rica
78%
Botswana
77%
Mali
76%
Guyana
71%
Guinea
69%

Score Distribution

Percentile by Number Answered

Percent of People with Each Score

Your Score History

You have not taken this quiz